[Event "5th EKA IIFL Investment 2019"]
[Site "Mumbai"]
[Date "2020.01.06"]
[Round "8.42"]
[White "Kavinda, Akila"]
[Black "Vantika Agrawal"]
[Result "1/2-1/2"]
[WhiteElo "2022"]
[BlackElo "2287"]
[Annotator "RC"]
[PlyCount "158"]
[EventDate "2019.12.30"]
[EventType "swiss"]
[EventCountry "IND"]
[SourceTitle "playchess.com"]
[Source "ChessBase"]
[SourceQuality "1"]
[TimeControl "40/5400+30:1800+30"]

1. Nf3 {[%emt 0:00:00]} Nf6 {[%emt 0:01:30]} 2. g3 {[%emt 0:00:00]} g6 {[%emt 0:00:34]} 3. Bg2 {[%emt 0:01:07]} Bg7 {[%emt 0:00:04]} 4. O-O {[%emt 0:00:06]} O-O {[%emt 0:00:04]} 5. d4 {[%emt 0:00:13]} d6 {[%emt 0:00:07]} 6. b3 {[%emt 0:00:04]} e5 {[%emt 0:00:31]} 7. dxe5 {[%emt 0:00:42]} dxe5 {[%emt 0:00:07]} 8. Ba3 {[%emt 0:02:11]} Qxd1 {[%emt 0:00:14]} 9. Rxd1 {[%emt 0:00:05]} Re8 {[%emt 0:00:04]} 10. Nc3 {[%emt 0:02:39]} e4 {[%emt 0:00:50]} 11. Nd4 {[%emt 0:08:49]} a6 {[%emt 0:01:14]} 12. Na4 {[%emt 0:07:45]} Nbd7 {[%emt 0:24:44]} 13. c4 {[%emt 0:01:33]} e3 {[%emt 0:07:30]} 14. f3 {[%emt 0:04:20]} Nf8 {[%emt 0:10:04]} 15. Rac1 {[%emt 0:08:19]} Ne6 16. Nxe6 {[%emt 0:14:01]} Bxe6 {[%emt 0:08:57]} 17. Nc5 {[%emt 0:00:19]} Bc8 {[%emt 0:03:35]} 18. Bb2 {[%emt 0:02:31]} b6 {[%emt 0:13:57]} 19. f4 {[%emt 0:08:23]} Rb8 {[%emt 0:01:15]} 20. Bxf6 {[%emt 0:22:42]} Bxf6 {[%emt 0:00:50]} 21. Nd7 {[%emt 0:00:05]} Bxd7 {[%emt 0:00:35]} 22. Rxd7 {[%emt 0:00:06]} Rbd8 {[%emt 0:06:45]} 23. Rxc7 {[%emt 0:01:53]} Rd2 {[%emt 0:00:32]} 24. Kf1 {[%emt 0:03:53]} Rxa2 {[%emt 0:01:39]} 25. Bd5 {[%emt 0:01:19]} Re7 {[%emt 0:00:41]} 26. Rc8+ {[%emt 0:03:03]} Kg7 {[%emt 0:00:07]} 27. c5 {[%emt 0:01:20]} bxc5 {[%emt 0:02:19]} 28. R1xc5 {[%emt 0:01:08]} Ra1+ {[%emt 0:13:50]} 29. Kg2 {[%emt 0:00:28]} Ra2 {[%emt 0:00:42]} 30. Bc4 {[%emt 0:03:15]} Ra3 {[%emt 0:00:46]} 31. R5c7 {[%emt 0:00:55]} a5 {[%emt 0:00:32]} 32. Rxe7 {[%emt 0:00:43]} Bxe7 {[%emt 0:00:02]} 33. Rc7 {[%emt 0:00:13]} Kf8 {[%emt 0:00:30]} 34. Ra7 {[%emt 0:01:56]} h5 {[%emt 0:00:45]} 35. Kf3 {[%emt 0:00:27]} Ra1 {[%emt 0:00:32]} 36. Ra8+ {[%emt 0:00:31]} Kg7 {[%emt 0:00:04]} 37. Kg2 {[%emt 0:00:46]} h4 {[%emt 0:01:04]} 38. Ra7 {[%emt 0:00:17]} Kf8 {[%emt 0:00:23]} 39. g4 {[%emt 0:00:43]} f5 {[%emt 0:00:54]} 40. g5 {[%emt 0:00:00]} Rd1 {[%emt 0:00:00]} 41. Rxa5 {[%emt 0:09:19]} Rd4 {[%emt 0:03:51]} 42. Ra8+ {[%emt 0:01:14]} Kg7 {[%emt 0:02:04]} 43. Ra7 {[%emt 0:07:41]} Kf8 {[%emt 0:00:12]} 44. Ra8+ {[%emt 0:00:34]} Kg7 {[%emt 0:00:11]} 45. Re8 {[%emt 0:00:19]} Bc5 {[%emt 0:07:18]} 46. Rg8+ {[%emt 0:01:01]} Kh7 {[%emt 0:00:13]} 47. Rc8 {[%emt 0:00:04]} Ba3 {[%emt 0:02:08]} 48. Ra8 {[%emt 0:04:55]} Bc5 {[%emt 0:03:29]} 49. Ra4 {[%emt 0:07:08]} Kg7 {[%emt 0:03:01]} 50. Bd3 {[%emt 0:02:15]} Rxa4 {[%emt 0:02:46]} 51. bxa4 {[%emt 0:00:03]} Bb4 {[%emt 0:00:20]} 52. h3 {[%emt 0:01:23]} Ba5 {[%emt 0:00:59]} 53. Kf3 {[%emt 0:00:07]} Bd2 {[%emt 0:00:21]} 54. Bc4 {[%emt 0:00:34]} Kf8 {[%emt 0:00:29]} 55. Bb5 {[%emt 0:00:13]} Kf7 {[%emt 0:00:18]} 56. Bc6 {[%emt 0:00:21]} Kf8 {[%emt 0:00:22]} 57. a5 {[%emt 0:00:48]} Bxa5 {[%emt 0:00:06]} 58. Kxe3 {[%emt 0:00:03]} Bc7 {[%emt 0:03:29]} 59. Kf3 {[%emt 0:00:05]} Kg7 {[%emt 0:03:10]} 60. e4 {[%emt 0:01:38]} fxe4+ {[%emt 0:00:06]} 61. Bxe4 {[%emt 0:00:04]} Ba5 {[%emt 0:01:10]} 62. Kg4 {[%emt 0:00:07]} Be1 {[%emt 0:00:20]} 63. Bb1 {[%emt 0:00:06]} Bf2 {[%emt 0:00:58]} 64. Bc2 {[%emt 0:00:51]} Be1 {[%emt 0:00:04]} 65. Ba4 {[%emt 0:00:03]} Bf2 {[%emt 0:00:24]} 66. Bb5 {[%emt 0:00:05]} Be1 {[%emt 0:00:04]} 67. Bc6 {[%emt 0:00:03]} Bf2 {[%emt 0:00:04]} 68. Bd7 {[%emt 0:00:05]} Be1 {[%emt 0:00:06]} 69. Bc8 {[%emt 0:00:06]} Bf2 {[%emt 0:00:13]} 70. Bb7 {[%emt 0:00:06]} Be1 {[%emt 0:00:07]} 71. Ba6 {[%emt 0:00:05]} Bf2 {[%emt 0:00:03]} 72. Bd3 {[%emt 0:00:04]} Be1 {[%emt 0:00:03]} 73. Bxg6 {[%emt 0:04:11]} Kxg6 {[%emt 0:00:05]} 74. f5+ {[%emt 0:00:03]} Kg7 {[%emt 0:00:55]} 75. Kh5 {[%emt 0:00:07]} Bf2 {[%emt 0:01:00]} 76. g6 {[%emt 0:01:41]} Kf6 {[%emt 0:00:29]} 77. Kh6 {[%emt 0:00:56]} Bd4 {[%emt 0:00:04]} 78. Kh5 {[%emt 0:01:00]} Kxf5 {[%emt 0:00:29]} 79. Kxh4 {[%emt 0:00:03]} Kxg6 {[%emt 0:00:04]} 1/2-1/2

[Event "5th EKA IIFL Investment 2019"]
[Site "Mumbai"]
[Date "2020.01.06"]
[Round "8.43"]
[White "Priyanka, K."]
[Black "Mithil, Ajgaonkar"]
[Result "1-0"]
[WhiteElo "2124"]
[BlackElo "2278"]
[Annotator "RC"]
[PlyCount "113"]
[EventDate "2019.12.30"]
[EventType "swiss"]
[EventCountry "IND"]
[SourceTitle "playchess.com"]
[Source "ChessBase"]
[SourceQuality "1"]
[TimeControl "40/5400+30:1800+30"]

1. e4 {[%emt 0:00:00]} c6 {[%emt 0:00:00]} 2. Nf3 {[%emt 0:00:15]} d5 {[%emt 0:00:00]} 3. Nc3 {[%emt 0:00:21]} Bg4 {[%emt 0:00:00]} 4. h3 {[%emt 0:00:19]} Bxf3 {[%emt 0:00:02]} 5. Qxf3 {[%emt 0:00:07]} e6 {[%emt 0:00:04]} 6. Be2 {[%emt 0:00:23]} Nd7 {[%emt 0:12:08]} 7. d4 {[%emt 0:04:41]} dxe4 {[%emt 0:02:19]} 8. Nxe4 {[%emt 0:00:14]} Ngf6 {[%emt 0:00:04]} 9. O-O {[%emt 0:00:44]} Nxe4 {[%emt 0:08:04]} 10. Qxe4 {[%emt 0:01:44]} Be7 {[%emt 0:00:04]} 11. Rd1 {[%emt 0:06:05]} O-O {[%emt 0:03:01]} 12. a4 {[%emt 0:03:01]} a5 {[%emt 0:03:58]} 13. c4 {[%emt 0:15:28]} Nf6 {[%emt 0:07:38]} 14. Qf3 {[%emt 0:07:22]} Qb6 {[%emt 0:05:38]} 15. Be3 {[%emt 0:06:51]} Rad8 {[%emt 0:10:29]} 16. d5 {[%emt 0:19:18]} Bc5 {[%emt 0:00:46]} 17. Bxc5 {[%emt 0:12:16]} Qxc5 {[%emt 0:00:03]} 18. dxc6 {[%emt 0:05:26]} bxc6 {[%emt 0:00:20]} 19. b3 {[%emt 0:00:39]} h6 {[%emt 0:00:02]} 20. Rd3 {[%emt 0:01:33]} Rxd3 {[%emt 0:05:33]} 21. Qxd3 {[%emt 0:00:30]} Qb6 {[%emt 0:06:18]} 22. Bf3 {[%emt 0:04:20]} Rd8 {[%emt 0:02:15]} 23. Qc3 {[%emt 0:00:22]} Qc5 {[%emt 0:05:37]} 24. Re1 Rb8 {[%emt 0:15:41]} 25. Re5 {[%emt 0:04:22]} Qa3 {[%emt 0:00:08]} 26. Re3 {[%emt 0:03:17]} Qc5 {[%emt 0:06:49]} 27. Re5 {[%emt 0:00:11]} Qd6 {[%emt 0:01:58]} 28. Rxa5 {[%emt 0:00:48]} Qa3 {[%emt 0:00:23]} 29. Bxc6 {[%emt 0:01:43]} Rxb3 {[%emt 0:00:38]} 30. Ra8+ {[%emt 0:00:55]} Kh7 {[%emt 0:00:01]} 31. Qd4 {[%emt 0:00:34]} Qc1+ {[%emt 0:01:16]} 32. Kh2 {[%emt 0:00:05]} Qe1 {[%emt 0:02:18]} 33. Bf3 {[%emt 0:01:14]} Rb1 {[%emt 0:01:56]} 34. Qd3+ {[%emt 0:00:28]} g6 {[%emt 0:00:07]} 35. Qd8 {[%emt 0:00:34]} Qe5+ {[%emt 0:00:56]} 36. g3 {[%emt 0:00:33]} g5 {[%emt 0:00:37]} 37. Qd3+ {[%emt 0:00:44]} Qf5 {[%emt 0:00:01]} 38. Qxf5+ {[%emt 0:00:09]} exf5 {[%emt 0:00:03]} 39. c5 {[%emt 0:00:27]} Nd7 {[%emt 0:00:30]} 40. c6 {[%emt 0:00:00]} Ne5 {[%emt 0:00:00]} 41. Bd5 {[%emt 0:04:43]} Rc1 {[%emt 0:01:02]} 42. Re8 {[%emt 0:01:53]} Nd3 {[%emt 0:01:57]} 43. Re7 {[%emt 0:03:05]} Nxf2 {[%emt 0:06:30]} 44. Bxf7 {[%emt 0:07:26]} Kg7 {[%emt 0:03:57]} 45. Bb3+ {[%emt 0:01:24]} Kf6 {[%emt 0:00:55]} 46. Re6+ {[%emt 0:01:06]} Kg7 {[%emt 0:00:09]} 47. a5 {[%emt 0:00:42]} f4 {[%emt 0:11:27]} 48. gxf4 {[%emt 0:01:08]} gxf4 {[%emt 0:00:02]} 49. Kg2 {[%emt 0:02:43]} Nd3 {[%emt 0:01:33]} 50. a6 {[%emt 0:01:21]} f3+ {[%emt 0:08:04]} 51. Kxf3 {[%emt 0:00:14]} Rxc6 {[%emt 0:00:08]} 52. a7 {[%emt 0:01:18]} Rc8 {[%emt 0:00:34]} 53. Bd5 {[%emt 0:00:22]} Rf8+ {[%emt 0:01:19]} 54. Ke3 {[%emt 0:00:25]} Nf4 {[%emt 0:00:57]} 55. Re7+ {[%emt 0:00:18]} Kf6 {[%emt 0:00:37]} 56. Rf7+ {[%emt 0:00:23]} Rxf7 {[%emt 0:00:22]} 57. Bxf7 {[%emt 0:00:05]} 1-0

[Event "5th EKA IIFL Investment 2019"]
[Site "Mumbai"]
[Date "2020.01.06"]
[Round "8.44"]
[White "Sahoo, Utkal Ranjan"]
[Black "Gandhi, Anish"]
[Result "1-0"]
[WhiteElo "2329"]
[BlackElo "2168"]
[Annotator "ChessBase"]
[PlyCount "63"]
[EventDate "2019.12.30"]
[EventType "swiss"]
[EventCountry "IND"]
[SourceTitle "playchess.com"]
[Source "ChessBase"]
[SourceQuality "1"]
[TimeControl "40/5400+30:1800+30"]

1. d4 Nf6 2. c4 g6 3. f3 c5 4. d5 d6 5. e4 Bg7 6. Nc3 O-O 7. Bg5 h6 8. Be3 Nbd7 9. Nh3 Ne5 10. Nf2 h5 11. Be2 e6 12. O-O exd5 13. cxd5 a6 14. a4 Rb8 15. h3 Re8 16. Qd2 Qc7 17. Rfc1 b6 18. Rab1 c4 19. b4 b5 20. axb5 axb5 21. Ra1 Bd7 22. f4 Nd3 23. Nxd3 cxd3 24. Bxd3 Qd8 25. Bd4 Ng4 26. Bxg7 Qb6+ 27. Kf1 Ne3+ 28. Ke2 Nxg2 29. Bf6 Bxh3 30. Kf3 g5 31. Bxg5 Rbc8 32. Kg3 1-0

[Event "5th EKA IIFL Investment 2019"]
[Site "Mumbai"]
[Date "2020.01.06"]
[Round "8.45"]
[White "Samant Aditya S"]
[Black "Manish Kumar (2006)"]
[Result "1-0"]
[WhiteElo "2296"]
[BlackElo "2168"]
[Annotator "ChessBase"]
[PlyCount "87"]
[EventDate "2019.12.30"]
[EventType "swiss"]
[EventCountry "IND"]
[SourceTitle "playchess.com"]
[Source "ChessBase"]
[SourceQuality "1"]
[TimeControl "40/5400+30:1800+30"]

1. e4 {[%emt 0:00:00]} c5 {[%emt 0:00:22]} 2. Nf3 {[%emt 0:00:00]} g6 {[%emt 0:00:03]} 3. d4 {[%emt 0:00:00]} cxd4 {[%emt 0:00:01]} 4. Nxd4 {[%emt 0:00:00]} Nc6 {[%emt 0:00:04]} 5. c4 {[%emt 0:01:04]} Bg7 {[%emt 0:00:05]} 6. Be3 {[%emt 0:00:07]} Nf6 {[%emt 0:00:05]} 7. Nc3 {[%emt 0:00:07]} Ng4 {[%emt 0:00:21]} 8. Qxg4 {[%emt 0:00:10]} Nxd4 {[%emt 0:00:02]} 9. Qd1 {[%emt 0:00:30]} Ne6 {[%emt 0:00:38]} 10. Qd2 {[%emt 0:01:02]} b6 {[%emt 0:02:51]} 11. Be2 {[%emt 0:00:56]} Bb7 {[%emt 0:00:33]} 12. O-O {[%emt 0:01:09]} O-O {[%emt 0:12:31]} 13. f3 {[%emt 0:01:32]} Bc6 {[%emt 0:03:22]} 14. Rac1 {[%emt 0:01:52]} a5 {[%emt 0:07:14]} 15. b3 {[%emt 0:00:58]} Nc5 {[%emt 0:01:20]} 16. Rfd1 {[%emt 0:04:21]} f5 {[%emt 0:11:52]} 17. exf5 {[%emt 0:01:19]} Rxf5 {[%emt 0:01:16]} 18. Bd3 {[%emt 0:11:32]} Nxd3 {[%emt 0:18:30]} 19. Qxd3 {[%emt 0:00:46]} Qb8 {[%emt 0:11:32]} 20. Ne2 {[%emt 0:21:47]} b5 {[%emt 0:16:53]} 21. c5 {[%emt 0:13:19]} Qb7 {[%emt 0:04:55]} 22. Nd4 {[%emt 0:04:03]} Rd5 {[%emt 0:01:20]} 23. Qe2 {[%emt 0:00:57]} Rd8 {[%emt 0:00:32]} 24. Bf2 {[%emt 0:03:32]} e5 {[%emt 0:01:26]} 25. Bh4 {[%emt 0:07:20]} Rc8 {[%emt 0:02:30]} 26. Nxc6 {[%emt 0:00:35]} dxc6 {[%emt 0:00:09]} 27. Rxd5 {[%emt 0:04:15]} cxd5 {[%emt 0:00:00]} 28. Bg3 {[%emt 0:06:09]} e4 {[%emt 0:02:51]} 29. fxe4 {[%emt 0:00:30]} dxe4 {[%emt 0:00:12]} 30. Bf2 {[%emt 0:00:41]} Qc6 {[%emt 0:00:49]} 31. a4 {[%emt 0:00:39]} bxa4 {[%emt 0:00:35]} 32. Qc4+ {[%emt 0:00:08]} Kh8 {[%emt 0:00:05]} 33. bxa4 {[%emt 0:00:30]} Rd8 {[%emt 0:00:45]} 34. Qb5 {[%emt 0:01:00]} Qe6 {[%emt 0:00:09]} 35. Qb6 {[%emt 0:07:27]} Qe8 {[%emt 0:00:59]} 36. c6 {[%emt 0:01:36]} Rb8 {[%emt 0:00:30]} 37. Qc5 {[%emt 0:04:09]} Rc8 {[%emt 0:00:26]} 38. c7 {[%emt 0:00:20]} Qxa4 {[%emt 0:00:36]} 39. Qe7 {[%emt 0:01:42]} Bf8 {[%emt 0:00:34]} 40. Qf6+ {[%emt 0:00:00]} Bg7 {[%emt 0:00:00]} 41. Qd8+ {[%emt 0:00:37]} Bf8 {[%emt 0:02:07]} 42. Qxc8 {[%emt 0:00:31]} Qa3 {[%emt 0:00:05]} 43. Bd4+ {[%emt 0:00:09]} Kg8 {[%emt 0:00:13]} 44. Qe6# {[%emt 0:00:07]} 1-0

[Event "5th EKA IIFL Investment 2019"]
[Site "Mumbai"]
[Date "2020.01.06"]
[Round "8.46"]
[White "Thakur, Akash"]
[Black "Patil, Pratik"]
[Result "1-0"]
[WhiteElo "2300"]
[BlackElo "2167"]
[Annotator "TA"]
[PlyCount "59"]
[EventDate "2019.12.30"]
[EventType "swiss"]
[EventCountry "IND"]
[SourceTitle "playchess.com"]
[Source "ChessBase"]
[SourceQuality "1"]

{[%evp 25,59,11,15,5,18,4,34,39,84,77,88,90,119,121,118,122,236,236,233,239,247,249,248,263,447,436,496,483,566,556,3049,2579,29978,1229,29989,29990]} 1. d4 d5 2. c4 e6 3. Nf3 Nf6 4. Nc3 Be7 5. Bg5 Nbd7 6. e3 O-O 7. Rc1 c6 8. Bd3 Re8 9. O-O dxc4 10. Bxc4 Nd5 11. Bxe7 Qxe7 12. e4 Nxc3 13. Rxc3 e5 14. d5 {D68: Queen's Gambit Declined: Classical Main Line with 9...Nd5 and 12...e5} cxd5 15. exd5 {Threatening d6.} Nb6 16. Bb3 {White is slightly better.} Bg4 17. d6 Qf6 18. Rc7 Be6 $146 ({Predecessor:} 18... Bh5 19. d7 Red8 20. Re1 Bxf3 21. gxf3 Qe7 {½-½ (65) Svana,P (2258)-Gregor,J (2045) Slovakia 2011}) 19. Nd2 $36 {[%mdl 2048] White has strong initiative.} Qg6 20. Re1 Bd5 {[#]} (20... Bxb3 $16 {was called for.} 21. Qxb3 Rf8) 21. Ne4 $1 $18 {[%mdl 512]} Bxb3 (21... Bxe4 22. Bxf7+) 22. Qxb3 Qe6 23. d7 ({Don't do} 23. Rxb7 $6 Qxb3 24. axb3 Red8) 23... Red8 24. Rd1 ({Stronger than} 24. Rxb7 Qxb3 25. axb3 Rxd7 $11) 24... Rab8 $2 (24... Qxb3 {keeps fighting.} 25. axb3 Kf8 26. Rxb7 Ke7) 25. Nc5 Qe7 {intending ...Na8.} 26. Qb5 e4 {[#] aiming for ...Qe5.} 27. Nxb7 Na8 28. Nxd8 Rxb5 29. Nc6 (29. Rc8 $142 Qxd7 30. Rxd7 h6 31. Ne6+ Kh7 32. Rxf7 Rg5 33. Nxg5+ hxg5 34. Rxa8) 29... Nxc7 30. Nxe7+ {Accuracy: White = 83%, Black = 29%.} 1-0

[Event "5th EKA IIFL Investment 2019"]
[Site "Mumbai"]
[Date "2020.01.06"]
[Round "8.47"]
[White "Mohite, Ranveer"]
[Black "Pandey Srishti"]
[Result "1-0"]
[WhiteElo "2281"]
[BlackElo "2162"]
[Annotator "RC"]
[PlyCount "124"]
[EventDate "2019.12.30"]
[EventType "swiss"]
[EventCountry "IND"]
[SourceTitle "playchess.com"]
[Source "ChessBase"]
[SourceQuality "1"]
[TimeControl "40/5400+30:1800+30"]

1. e4 e6 2. d4 d5 3. Nc3 Nf6 4. Bg5 Bb4 5. exd5 Qxd5 6. Bxf6 Bxc3+ 7. bxc3 gxf6 8. Qd2 Bd7 9. c4 Qe4+ 10. Ne2 c5 11. f3 Qg6 12. O-O-O Na6 13. Nc3 cxd4 14. Qxd4 O-O-O 15. Qxa7 Qg5+ 16. Kb2 Qa5 17. a3 Bc6 18. Bd3 Qg5 19. Nb5 Qc5 20. Qxc5 Nxc5 21. Be2 Bxb5 22. cxb5 Kc7 23. g3 b6 24. Rxd8 Rxd8 25. Rd1 Na4+ 26. Kb3 Nc5+ 27. Kc3 Ra8 28. Ra1 f5 29. Bc4 h5 30. Bb3 h4 31. Kb4 Rd8 32. Kc3 Rg8 33. Rg1 f4 34. g4 Rg5 35. Bc4 Re5 36. Rf1 Re3+ 37. Kb4 Nd7 38. Rf2 Ne5 39. Be2 Nd7 40. a4 Nf6 41. Bc4 Nd7 42. a5 bxa5+ 43. Kxa5 Ra3+ 44. Kb4 Re3 45. Bd3 Kb6 46. g5 Nc5 47. Bc4 Re1 48. g6 Rb1+ 49. Kc3 fxg6 50. Rg2 Re1 51. Rxg6 Re3+ 52. Kb4 Rxf3 53. Bxe6 Nxe6 54. Rxe6+ Kb7 55. c4 Rf2 56. Re7+ Kc8 57. h3 f3 58. Rf7 Rf1 59. Kc5 Kd8 60. b6 f2 61. b7 Rb1 62. Kc6 Ke8 1-0

[Event "5th EKA IIFL Investment 2019"]
[Site "Mumbai"]
[Date "2020.01.06"]
[Round "8.48"]
[White "Aaryan, Varshney"]
[Black "Pranav, Shetty"]
[Result "0-1"]
[WhiteElo "2269"]
[BlackElo "2162"]
[Annotator "ChessBase"]
[PlyCount "90"]
[EventDate "2019.12.30"]
[EventType "swiss"]
[EventCountry "IND"]
[SourceTitle "playchess.com"]
[Source "ChessBase"]
[SourceQuality "1"]
[TimeControl "40/5400+30:1800+30"]

1. d4 Nf6 2. c4 g6 3. Nc3 Bg7 4. e4 d6 5. Nf3 O-O 6. Be2 e5 7. O-O Nbd7 8. Be3 c6 9. d5 c5 10. Ne1 Ne8 11. Nd3 f5 12. exf5 gxf5 13. f3 Kh8 14. Qc2 Qf6 15. Kh1 Bh6 16. f4 Qg6 17. Rae1 Ndf6 18. Qc1 e4 19. Nf2 Bg7 20. g3 Nc7 21. Rd1 Bd7 22. a3 a5 23. a4 Na6 24. Rg1 Nb4 25. h3 h5 26. Nb5 Bxb5 27. axb5 Kg8 28. g4 hxg4 29. hxg4 fxg4 30. Bxg4 Qh7+ 31. Kg2 Nxg4 32. Nxg4 Nd3 33. Qd2 Qh4 34. Kf1 Rxf4+ 35. Bxf4 Rf8 36. Rg2 Qh1+ 37. Rg1 Rxf4+ 38. Nf2 Qh3+ 39. Rg2 Rxf2+ 40. Qxf2 Nxf2 41. Kxf2 Qf3+ 42. Kg1 Qxd1+ 43. Kh2 e3 44. Kg3 e2 45. Rxe2 Qxe2 0-1

[Event "5th EKA IIFL Investment 2019"]
[Site "Mumbai"]
[Date "2020.01.06"]
[Round "8.49"]
[White "Madjidov, Jasur"]
[Black "Saurabh Anand"]
[Result "0-1"]
[WhiteElo "2136"]
[BlackElo "2269"]
[Annotator "ChessBase"]
[PlyCount "60"]
[EventDate "2019.12.30"]
[EventType "swiss"]
[EventCountry "IND"]
[SourceTitle "playchess.com"]
[Source "ChessBase"]
[SourceQuality "1"]
[TimeControl "40/5400+30:1800+30"]

1. d4 {[%emt 0:06:25]} Nf6 {[%emt 0:00:00]} 2. c4 {[%emt 0:00:10]} e6 {[%emt 0:00:00]} 3. Nc3 {[%emt 0:00:07]} Bb4 {[%emt 0:00:00]} 4. Qc2 {[%emt 0:00:08]} Nc6 {[%emt 0:00:22]} 5. Nf3 {[%emt 0:00:18]} d6 {[%emt 0:00:36]} 6. a3 {[%emt 0:00:37]} Bxc3+ {[%emt 0:00:17]} 7. Qxc3 {[%emt 0:00:11]} a5 {[%emt 0:00:06]} 8. b3 {[%emt 0:01:41]} O-O {[%emt 0:01:26]} 9. Bb2 {[%emt 0:00:10]} Re8 {[%emt 0:00:29]} 10. Rd1 {[%emt 0:12:50]} Qe7 {[%emt 0:02:23]} 11. e3 {[%emt 0:03:44]} e5 {[%emt 0:03:35]} 12. dxe5 {[%emt 0:14:22]} dxe5 {[%emt 0:02:36]} 13. Be2 {[%emt 0:03:39]} h6 {[%emt 0:07:10]} 14. O-O {[%emt 0:03:36]} Bf5 {[%emt 0:00:17]} 15. Rfe1 {[%emt 0:10:42]} Nd7 {[%emt 0:10:51]} 16. Bd3 {[%emt 0:06:12]} Bg4 {[%emt 0:07:29]} 17. Be4 {[%emt 0:01:57]} Nc5 {[%emt 0:04:13]} 18. Bd5 {[%emt 0:01:19]} Ra6 {[%emt 0:02:32]} 19. h3 {[%emt 0:03:50]} Bxf3 {[%emt 0:01:38]} 20. Bxf3 {[%emt 0:00:44]} Rb6 {[%emt 0:02:22]} 21. Bxc6 {[%emt 0:00:27]} bxc6 {[%emt 0:01:37]} 22. b4 {[%emt 0:13:56]} axb4 {[%emt 0:05:48]} 23. axb4 {[%emt 0:00:02]} Na4 {[%emt 0:00:25]} 24. Qc2 {[%emt 0:00:02]} Nxb2 {[%emt 0:02:53]} 25. Qxb2 {[%emt 0:00:02]} Rxb4 {[%emt 0:00:25]} 26. Qe2 {[%emt 0:01:14]} Reb8 {[%emt 0:08:03]} 27. Qg4 {[%emt 0:00:59]} Qc5 {[%emt 0:09:13]} 28. Rd7 {[%emt 0:02:57]} Rxc4 {[%emt 0:01:00]} 29. Qf5 {[%emt 0:00:16]} Rf8 {[%emt 0:00:12]} 30. Rxc7 {[%emt 0:00:30]} Qa5 {[%emt 0:00:27]} 0-1

[Event "5th EKA IIFL Investment 2019"]
[Site "Mumbai"]
[Date "2020.01.06"]
[Round "8.50"]
[White "Chilukuri Sai Varshith"]
[Black "Pranav Vijay"]
[Result "0-1"]
[WhiteElo "2118"]
[BlackElo "2265"]
[Annotator "ChessBase"]
[PlyCount "96"]
[EventDate "2019.12.30"]
[EventType "swiss"]
[EventCountry "IND"]
[SourceTitle "playchess.com"]
[Source "ChessBase"]
[SourceQuality "1"]
[TimeControl "40/5400+30:1800+30"]

1. d4 {[%emt 0:00:00]} Nf6 {[%emt 0:00:00]} 2. c4 {[%emt 0:00:53]} e6 {[%emt 0:00:00]} 3. Nc3 {[%emt 0:00:06]} Bb4 {[%emt 0:00:00]} 4. Qc2 {[%emt 0:00:20]} O-O {[%emt 0:00:07]} 5. Nf3 {[%emt 0:00:13]} c5 {[%emt 0:00:10]} 6. dxc5 {[%emt 0:00:05]} Na6 {[%emt 0:00:08]} 7. g3 {[%emt 0:00:55]} Nxc5 {[%emt 0:00:10]} 8. Bg2 {[%emt 0:00:20]} Nce4 {[%emt 0:00:32]} 9. O-O {[%emt 0:01:05]} Nxc3 {[%emt 0:00:08]} 10. bxc3 {[%emt 0:00:06]} Be7 {[%emt 0:00:07]} 11. e4 {[%emt 0:00:05]} d6 {[%emt 0:00:48]} 12. e5 {[%emt 0:00:14]} dxe5 {[%emt 0:01:31]} 13. Nxe5 {[%emt 0:00:18]} Qc7 {[%emt 0:01:38]} 14. Qe2 {[%emt 0:01:47]} Bd6 {[%emt 0:05:48]} 15. Bf4 Ne8 {[%emt 0:07:36]} 16. c5 {[%emt 0:00:27]} Qxc5 {[%emt 0:01:10]} 17. c4 {[%emt 0:00:13]} Rb8 18. Rfd1 {[%emt 0:24:07]} Bc7 {[%emt 0:20:44]} 19. Rab1 {[%emt 0:09:13]} a6 {[%emt 0:06:56]} 20. Nd3 {[%emt 0:11:47]} Qe7 {[%emt 0:00:54]} 21. Bxc7 {[%emt 0:04:10]} Qxc7 {[%emt 0:06:33]} 22. Qe5 {[%emt 0:01:50]} f6 {[%emt 0:02:06]} 23. Qxc7 {[%emt 0:00:31]} Nxc7 {[%emt 0:01:17]} 24. Nb4 {[%emt 0:01:43]} Ra8 {[%emt 0:00:30]} 25. Rd6 {[%emt 0:07:03]} Kf7 {[%emt 0:02:04]} 26. Bxb7 {[%emt 0:01:49]} Bxb7 {[%emt 0:01:05]} 27. Rd7+ {[%emt 0:00:06]} Kg6 {[%emt 0:00:24]} 28. Rxc7 {[%emt 0:00:29]} Rf7 {[%emt 0:00:13]} 29. Rxf7 {[%emt 0:02:59]} Kxf7 {[%emt 0:00:06]} 30. Nd3 {[%emt 0:02:18]} Be4 {[%emt 0:00:37]} 31. Rd1 {[%emt 0:00:55]} Rc8 {[%emt 0:01:14]} 32. Nb2 {[%emt 0:00:50]} Ke7 {[%emt 0:00:28]} 33. f4 {[%emt 0:00:14]} Rc5 {[%emt 0:00:22]} 34. Kf2 {[%emt 0:01:23]} Ra5 {[%emt 0:01:28]} 35. a4 {[%emt 0:00:28]} Bc6 {[%emt 0:00:29]} 36. g4 {[%emt 0:02:10]} h5 {[%emt 0:00:10]} 37. h3 {[%emt 0:00:08]} hxg4 {[%emt 0:01:15]} 38. hxg4 {[%emt 0:00:06]} g5 {[%emt 0:00:05]} 39. fxg5 {[%emt 0:01:13]} Rxg5 {[%emt 0:00:07]} 40. Rg1 {[%emt 0:00:00]} a5 {[%emt 0:00:00]} 41. Ke3 e5 {[%emt 0:09:34]} 42. Kf2 {[%emt 0:07:41]} Bd7 {[%emt 0:01:55]} 43. Kf3 {[%emt 0:00:51]} f5 {[%emt 0:01:37]} 44. Nd3 {[%emt 0:01:07]} Bc6+ {[%emt 0:02:31]} 45. Ke3 {[%emt 0:00:43]} fxg4 {[%emt 0:00:27]} 46. Nf2 {[%emt 0:01:10]} g3 {[%emt 0:00:17]} 47. Ne4 {[%emt 0:01:55]} Bxe4 {[%emt 0:00:19]} 48. Kxe4 {[%emt 0:00:08]} Kd6 {[%emt 0:00:01] Kd4} 0-1